Formule 1 - Vainqueurs de Grand Prix 2024 - Statistiques

Statistiques générales
  • Ce quiz a été pris 908 fois
  • Le résultat moyen est 7 sur 7
Statistiques - réponses
Nombres de victoire Vainqueurs % Correct
9 Max Verstappen
100%
3 Charles Leclerc
99%
2 Lewis Hamilton
99%
4 Lando Norris
98%
2 Carlos Sainz
95%
2 Oscar Piastri
95%
2 George Russell
91%
Aucun quiz correspondant
Distribution des résultats
% des personnes avec chaque résultat
Percentile par nombre de réponses
Votre historique - résultats
Vous n’avez pas pris ce quiz